A soldier finds Grace / Katherine St. Clair.
Available copies
- 0 of 1 copy available at LARL/NWRL Consortium.
Current holds
0 current holds with 1 total copy.
Show Only Available Copies
| Location | Call Number / Copy Notes | Barcode | Shelving Location | Status | Due Date |
|---|---|---|---|---|---|
| Godel Memorial-Warren Library | lp C STC (Text) | 35500006906281 | Main | Checked out | 05/07/2026 |
Record details
- ISBN: 9781542811514
- ISBN: 1542811511
- Physical Description: 209 pages (large print) ; 28 cm
- Publisher: [United States] : Maplewood Publishing, [2016]
- Copyright: ©2016
Content descriptions
| General Note: | "A WWII Christian Romance" -- Front cover. |
| Summary, etc.: | "Matthew Finley and William Sawyer have become ... Read More |
Search for related items by subject
| Genre: | Fiction Romance fiction Christian fiction. Romance fiction. Christian fiction. Historical fiction. Large print books. |
| LDR | 03625cam a2200625 i 4500 | ||
|---|---|---|---|
| 001 | 476361 | ||
| 003 | LARL_NWRL_CONSORTIUM | ||
| 005 | 20251212153956.0 | ||
| 008 | 170616t20162016xxu d 000 1 eng d | ||
| 040 | . | ‡aSRB ‡beng ‡erda ‡cSRB ‡dOCLCF ‡dOCLCQ ‡dOCL ‡dOCLCO ‡dLKC ‡dOCLCL ‡dOCLCQ ‡dIHX ‡dOCLCO ‡dIEU ‡dOCLCO | |
| 020 | . | ‡a9781542811514 ‡q(paperback) | |
| 020 | . | ‡a1542811511 ‡q(paperback) | |
| 035 | . | ‡a(OCoLC)990205178 | |
| 092 | . | ‡a813.54 | |
| 100 | 1 | . | ‡aSt. Clair, Katherine, ‡eauthor. |
| 245 | 1 | 2. | ‡aA soldier finds Grace / ‡cKatherine St. Clair. |
| 264 | 1. | ‡a[United States] : ‡bMaplewood Publishing, ‡c[2016] | |
| 264 | 4. | ‡c©2016 | |
| 300 | . | ‡a209 pages (large print) ; ‡c28 cm | |
| 336 | . | ‡atext ‡btxt ‡2rdacontent | |
| 337 | . | ‡aunmediated ‡bn ‡2rdamedia | |
| 338 | . | ‡avolume ‡bnc ‡2rdacarrier | |
| 340 | . | ‡nlarge print ‡2rdafs | |
| 500 | . | ‡a"A WWII Christian Romance" -- Front cover. | |
| 520 | . | ‡a"Matthew Finley and William Sawyer have become fast friends as they face the realities of being US soldiers in 1944 Germany. One dark, cloudy night, with everything to lose, they face an enemy-populated Hürtgen Forest. But Matthew has brought a weapon more powerful than any gun could ever be. He has brought his faith. Matthew's sister, Grace, is a combat nurse working in a fast-paced field hospital along the front lines. Her body is tired and bruised, and her mind is exhausted from the non-stop barrage of new patients, but her spirit has held steady. She finds herself constantly saying small prayers for the men in her care. She always feels that her prayers are heard, until one day wen she gets two letters with life-changing news. As William and Matthew plot out coordinates for a special mission, the two men are walking ever closer to a moment that can never be changed. Under the cover of trees, William's life is about to change forever. But, as William will soon find out, one ending is only the spark to a new beginning. Grace has lived to see the end of the war in Europe, but the war in her heart is still going one. Staying on to help the last soldiers get home, Grace finds a handsome soldier with his head wrapped in bandages sitting in her final hospital. When William leaves Europe for US soil, he is certain he will never see the beautiful nurse again" -- Back cover. | |
| 650 | 0. | ‡aSoldiers ‡zUnited States ‡vFiction. | |
| 650 | 0. | ‡aWomen nurses ‡vFiction. | |
| 650 | 0. | ‡aWorld War, 1939-1945 ‡vFiction. ‡0(LARL_NWRL_CONSORTIUM)36331 | |
| 650 | 0. | ‡aMan-woman relationships ‡vFiction. ‡0(LARL_NWRL_CONSORTIUM)165985 | |
| 650 | 0. | ‡aFriendship ‡vFiction. ‡0(LARL_NWRL_CONSORTIUM)164944 | |
| 650 | 0. | ‡aLarge type books. ‡0(LARL_NWRL_CONSORTIUM)24284 | |
| 650 | 7. | ‡aLarge type books ‡2fast ‡0(LARL_NWRL_CONSORTIUM)24284 | |
| 650 | 7. | ‡aSoldiers ‡2fast ‡0(LARL_NWRL_CONSORTIUM)31390 | |
| 650 | 7. | ‡aWomen nurses ‡2fast | |
| 647 | 7. | ‡aWorld War ‡d(1939-1945) ‡2fast | |
| 648 | 7. | ‡a1939-1945 ‡2fast | |
| 655 | 7. | ‡aFiction ‡2fast | |
| 655 | 7. | ‡aRomance fiction ‡2fast | |
| 655 | 7. | ‡aChristian fiction. ‡2gsafd | |
| 655 | 7. | ‡aRomance fiction. ‡2lcgft | |
| 655 | 7. | ‡aChristian fiction. ‡2lcgft | |
| 655 | 7. | ‡aHistorical fiction. ‡2lcgft | |
| 655 | 7. | ‡aLarge print books. ‡2lcgft | |
| 901 | . | ‡a476361 ‡bAUTOGEN ‡c476361 ‡tbiblio | |

Add to basket
Permalink
Disable Highlighting